00657nam a2200157 4500001000700000003000900007007000300016008004100019100002800060245018000088260004500268300002700313852002100340999001900361952011900380144071ES-MaACLt|070214s1919 fr r ||||1| fre d1 aSimonet, Jules.910657210aÉtude sur l'organisation rationnelle des usines b: régles générales, services techniques, magasins, fabrication, service commercial, compatible / cpar Jules Simonet. aParis : b[s. n.], c1919 (fBussière) a173 p. ; c25 x 16 cm. aES-MaACLjB-4481 c144071d144071 00104070aATENEOMbATENEOMcSPBd2008-01-17eSCl0oB-4481p1149895r2023-02-23 00:00:00w2023-02-23yMONOGRAFIA